00678nam a2200241 a 4500001001300000003000900013005001700022008004100039020001000080082001300090100001700103245004100120260002300161300000900184500003500193505002900228650001900257700001700276902000800293942000700301952011300308999001500421nice12345678IN_TiNIC20260116011502.0050524s1960 laha grp 000 0 urd  ac10000a270bSTE aStephen, D J aTawarikh-I-Kalisiya Ka Mujmal Baiyan aLahorebSpckc1960 a159p aincludes index and biblioraphy2 afaith and fact books;143 aChurch-History1 aStephen, D J bSRS cBK 001040708StackRoom-aHMIbHMId2007-07-17g100.00l0o270 STEp02160r2025-07-24v100.00w2005-05-24yBK c1964d1964